Compagnie aeree Europee - Statistics

Statistiche generali
  • Questo quiz è stato fatto 276 volte
  • Il punteggio medio è 10 su 13
Statistiche sulle risposte
con Immagini Risposta % Corretto
Air France
98%
easyJet
98%
Lufthansa
94%
Ryanair
94%
ITA Airways
91%
KLM
91%
Eurowings
88%
Wizz Air
84%
Swiss Air
76%
Turkish Airlines
70%
Aeroflot
59%
Volotea
58%
Transavia Airlines
32%
Nessun quiz corrispondente trovato
Distribuzione punteggi
Percentuale di utenti per punteggio
Percentile per numero di risposta
I tuoi punteggi nel tempo
Non hai fatto questo quiz